Rozpoznaj przebranie do el primo - Statystyki

Ogólne statystyki
  • Ten quiz został rozwiązany 64 razy
  • Średni wynik to 6 z 16
Statystyki odpowiedzi
Obrazkowy Odpowiedź % Poprawnych
El Atómico
80%
Srebrny El Primo
80%
Złoty El Primo
80%
El Brown
70%
El Rey Primo
70%
El Rudo Primo
70%
El Rozgrywający
40%
El Tigro
40%
El Corazon
30%
El Dragón Rosado
20%
El Mayordomo
20%
El Rekinek
20%
El Dragón Verdoso
10%
El Primo Corinthians
10%
El Primo Club Nacional
0%
El Primo Universitario
0%
Nie znaleziono quizów pasujących do podanych kryteriów
Rozkład punktacji
Procent ludzi z każdym wynikiem
Percentyl według liczby udzielonych odpowiedzi
Twoja historia wyników
Nie rozwiązałeś tego quizu